Algunos datos preliminares de la Encuesta Nacional de Fecundidad, 1976

Tallennettuna:
Bibliografiset tiedot
Päätekijä: Gómez Barrantes, Miguel
Aineistotyyppi: Teksti
Julkaistu: Heredia: UNA. IDESPO
Tagit: Lisää tagi
Ei tageja, Lisää ensimmäinen tagi!

MARC

LEADER 00000 a a2200000 04500
001 16829
003
040
090 |a 1001 S518s  
100 |a Gómez Barrantes, Miguel  
245 |a Algunos datos preliminares de la Encuesta Nacional de Fecundidad, 1976  
260 |a Heredia:   |b UNA. IDESPO  
300 |a 10 p  
999 |c 15460  |d 15460